00425nam a2200133Ia 450000500170000000800410001702000180005808200230007610000400009924500640013926000330020330000120023665000430024820250329115357.0231217s9999 xx 000 0 und d a9788131411629 a658.827 DAS;2 R1 aDas, Naveen ed. Ray, Kumar Satyaki. 0aCase studies on brand management : how to break the clutter c2007bIcfai BooksaHyderabad avi, 175 astudies,brand,management,break,clutter